Гидроэлектростанция
| Ente Autore: | |
|---|---|
| Altri autori: | , , , , , , , , , , |
| Riassunto: | опубл. 10.11.10 Гидроэлектростанция, включающая гидроагрегат, состоящий из кинематически связанных между собой гидравлической горизонтальной лопастной турбины и электрического генератора, отличающаяся тем, что гидравлическая горизонтальная лопастная турбина и электрический генератор размещены на подвижной раме, снабженной поплавками и установленной с возможностью перемещения в вертикальном направлении между стойками, закрепленными в канализационном водоводе В фонде НТБ ТПУ отсутствует |
| Lingua: | russo |
| Pubblicazione: |
|
| Soggetti: | |
| Natura: | MixedMaterials Libro |
| KOHA link: | https://koha.lib.tpu.ru/cgi-bin/koha/opac-detail.pl?biblionumber=598756 |
MARC
| LEADER | 00000nam0a2200000 4500 | ||
|---|---|---|---|
| 001 | 598756 | ||
| 005 | 20240119102112.0 | ||
| 029 | 1 | 0 | |a RU |b 99078 |c Пат. |d МПК F 03 B 17/06 |
| 035 | |a (RuTPU)RU\TPU\tpu\22539 | ||
| 035 | |a RU\TPU\tpu\21696 | ||
| 039 | 0 | |a RU |b 2010114642/07 |c 20100412 | |
| 090 | |a 598756 | ||
| 100 | |a 20130124j20101110k y0rusy50 ca | ||
| 101 | 0 | |a rus | |
| 102 | |a RU | ||
| 105 | |a a k 000zy | ||
| 200 | 1 | |a Гидроэлектростанция |f Ю. М. Федорчук [и др.] |g Национальный исследовательский Томский политехнический университет (ТПУ) | |
| 300 | |a опубл. 10.11.10 | ||
| 330 | |a Гидроэлектростанция, включающая гидроагрегат, состоящий из кинематически связанных между собой гидравлической горизонтальной лопастной турбины и электрического генератора, отличающаяся тем, что гидравлическая горизонтальная лопастная турбина и электрический генератор размещены на подвижной раме, снабженной поплавками и установленной с возможностью перемещения в вертикальном направлении между стойками, закрепленными в канализационном водоводе | ||
| 333 | |a В фонде НТБ ТПУ отсутствует | ||
| 610 | 1 | |a патенты | |
| 610 | 1 | |a труды учёных ТПУ | |
| 701 | 1 | |a Федорчук |b Ю. М. |c специалист в области экологии и безопасности жизнедеятельности |c профессор Томского политехнического университета, доктор технических наук |f 1948- |g Юрий Митрофанович |3 (RuTPU)RU\TPU\pers\26187 |9 11995 | |
| 701 | 1 | |a Белая |b М. А. |g Марина Анатольевна | |
| 701 | 1 | |a Вашкевич |b А. Г. |g Александр Георгевич | |
| 701 | 1 | |a Гришагин |b В. М. |c российский учёный в области экологии и безопасности жизнедеятельности |c доцент Юргинского технологического института (филиал) Томского политехнического университета |g Виктор Михайлович |3 (RuTPU)RU\TPU\pers\24272 | |
| 701 | 1 | |a Зыков |b В. М. |g Владимир Михайлович | |
| 701 | 1 | |a Коркин |b С. Д. |g Сергей Данилович | |
| 701 | 1 | |a Лукутин |b Б. В. |c специалист в области электротехники |c профессор Томского политехнического университета, доктор технических наук |f 1948- |g Борис Владимирович |3 (RuTPU)RU\TPU\pers\21974 |9 9293 | |
| 701 | 1 | |a Недавний |b О. И. |g Олег Иванович | |
| 701 | 1 | |a Романенко |b С. В. |c специалист в области экологии и безопасности жизнедеятельности |c заведующий кафедрой Томского политехнического университета, доктор химических наук |f 1972- |g Сергей Владимирович |3 (RuTPU)RU\TPU\pers\26046 |9 11887 | |
| 701 | 1 | |a Ушаков |b В. Я. |c специалист в области электроэнергетики |c профессор Томского политехнического университета, доктор технических наук |f 1939- |g Василий Яковлевич |3 (RuTPU)RU\TPU\pers\10509 |9 2236 | |
| 701 | 1 | |a Облупин |b Г. А. |g Геннадий Анатольевич | |
| 712 | 0 | 2 | |a Национальный исследовательский Томский политехнический университет (ТПУ) |c (2009- ) |3 (RuTPU)RU\TPU\col\15902 |
| 801 | 1 | |a RU |b 63413507 |c 20120201 | |
| 801 | 2 | |a RU |b 63413507 |c 20140528 |g RCR | |
| 942 | |c BK | ||